000 00420nam a2200181Ia 4500
005 20251020182616.0
008 200515s9999 xx 000 0 und d
082 _aSC/693.813/A17
110 _aAceros Arequipa
245 0 _aManual de aplicación para barras de construcción
250 _a3a ed.
260 _aLima
260 _c2000
300 _a76
650 _aFIERRERIA
650 _aMANUALES
942 _cLIB
999 _c3511
_d3511